Medio ambiente, vida humana y respeto a la biodiversidad: una reflexión desde los límites /
Gardado en:
| Autor Principal: | |
|---|---|
| Formato: | Texto |
| Materias: | |
| Etiquetas: |
Engadir etiqueta
Sen Etiquetas, Sexa o primeiro en etiquetar este rexistro!
|
MARC
| LEADER | 00000 a a2200000 04500 | ||
|---|---|---|---|
| 001 | 11833 | ||
| 003 | |||
| 040 | |||
| 100 | |a Senent de Frutos, Juan Antonio | ||
| 245 | |a Medio ambiente, vida humana y respeto a la biodiversidad: |b una reflexión desde los límites / |c Juan Antonio Senent de Frutos | ||
| 650 | |a MEDIO AMBIENTE | ||
| 650 | |a DETERIORO AMBIENTAL | ||
| 650 | |a BIODIVERSIDAD | ||
| 773 | |g número 123; páginas 24-33 | ||
| 999 | |c 37660 |d 37660 | ||
